آداب اللسان في ما يخص اللسان من خير أو شر / (رقم التسجيلة. 82320)

تفاصيل مارك
000 -LEADER
fixed length control field 00491nam a22001577a 4500
005 - DATE AND TIME OF LATEST TRANSACTION
control field 20251108172542.0
008 - FIXED-LENGTH DATA ELEMENTS--GENERAL INFORMATION
fixed length control field 250721s9999 xx 000 0 ara d
082 14 - DEWEY DECIMAL CLASSIFICATION NUMBER
Classification number 218.2/ بنك
100 1# - MAIN ENTRY--PERSONAL NAME
Personal name البنكاني، ابي انس ماجد
245 10 - TITLE STATEMENT
Title آداب اللسان في ما يخص اللسان من خير أو شر /
264 1# - PRODUCTION, PUBLICATION, DISTRIBUTION, MANUFACTURE, AND COPYRIGHT NOTICE
Place of production, publication, distribution, manufacture عمان :
Name of producer, publisher, distributor, manufacturer دار النفائس،
300 ## - PHYSICAL DESCRIPTION
Extent 471 ص
650 17 - SUBJECT ADDED ENTRY--TOPICAL TERM
Topical term or geographic name as entry element الأخلاق الإسلامية
942 ## - ADDED ENTRY ELEMENTS (KOHA)
Source of classification or shelving scheme Dewey Decimal Classification
Koha item type كتب
المقتنيات
حالة السحب حالة الفقدان مصدر التصنيف حالة التلف غير قابل للإعارة المكتبة الرئيسية المكتبة الحالية موقع الرف تاريخ التزويد الرقم المتسلسل Total Checkouts رقم الإستدعاء الباركود تاريخ آخر ظهور تاريخ الفاتورة نوع المادة (كوها)
    Dewey Decimal Classification     مكتبة الأميرة ايمان العامة مكتبة الأميرة ايمان العامة الإعارة 21/09/2013 550308   218.2/ بنك PLD00278911 28/07/2025 21/09/2013 كتب
    Dewey Decimal Classification     مكتبة الحسن العامة مكتبة الحسن العامة الإعارة 31/03/2019 550313   218.2/ بنك PLD00448008 28/07/2025 31/03/2019 كتب
    Dewey Decimal Classification     مكتبة النصر العامة مكتبة النصر العامة الإعارة 06/11/2014 550319   218.2/ بنك PLD00309642 28/07/2025 06/11/2014 كتب
    Dewey Decimal Classification     مكتبة حمزة العامة مكتبة حمزة العامة الإعارة 16/02/2016 (55314)   218.2/ بنك PLD00374315 28/07/2025 16/02/2016 كتب
    Dewey Decimal Classification     مكتبة وادي السير العامة مكتبة وادي السير العامة الإعارة 10/04/2016 550318   218.2/ بنك PLD00385513 28/07/2025 10/04/2016 كتب
Implemented & Customized by: BBB with SCIT (Smart Chains for Information Technology)

Powered by Koha